[Event "CYCC U12 w"]
[Site "Vancouver CAN"]
[Date "2012.07.04"]
[Round "4"]
[White "Boucher, Katrine"]
[Black "Saul, Jaime"]
[Result "1-0"]
[WhiteElo "869"]
[BlackElo "638"]
[PlyCount "81"]
[GameId "2160767909508823"]
[EventDate "2012.07.03"]
[EventType "swiss"]
[EventRounds "7"]
[EventCountry "CAN"]
[SourceTitle "EXT 2022"]
[Source "ChessBase"]
[SourceDate "2021.10.06"]
[SourceVersion "1"]
[SourceVersionDate "2021.10.06"]
[SourceQuality "1"]

1. e4 e5 2. Nf3 f6 3. Bc4 Nh6 4. O-O c6 5. d4 d5 6. exd5 exd4 7. Nxd4 Nd7 8. dxc6 bxc6 9. Qe1+ Be7 10. Nxc6 Qc7 11. Na5 g5 12. Bd5 Rb8 13. Nc3 Nf5 14. Nc4 Kd8 15. Na4 Nc5 16. Nxc5 Bxc5 17. Be6 Ng7 18. Bxc8 Qxc8 19. Qd1+ Ke8 20. b4 Bb6 21. Nd6+ Ke7 22. Nxc8+ Rbxc8 23. Qe1+ Kf7 24. Be3 Rhe8 25. Qd2 Rcd8 26. Qc3 Rc8 27. Qb3+ Kf8 28. Bxb6 axb6 29. Rae1 b5 30. Rxe8+ Nxe8 31. Qh3 Rd8 32. Qxh7 f5 33. Qxf5+ Ke7 34. Qxg5+ Kd7 35. Rd1+ Kc8 36. Rxd8+ Kc7 37. Rxe8 Kc6 38. Re6+ Kc7 39. Qg7+ Kd8 40. Rh6 Kc8 41. Rh8# 1-0

[Event "CYCC U12 w"]
[Site "Vancouver CAN"]
[Date "2012.07.04"]
[Round "4"]
[White "MacIvor, Kieme"]
[Black "Eirew, Pepi"]
[Result "0-1"]
[WhiteElo "967"]
[BlackElo "772"]
[PlyCount "56"]
[GameId "2160767909508824"]
[EventDate "2012.07.03"]
[EventType "swiss"]
[EventRounds "7"]
[EventCountry "CAN"]
[SourceTitle "EXT 2022"]
[Source "ChessBase"]
[SourceDate "2021.10.06"]
[SourceVersion "1"]
[SourceVersionDate "2021.10.06"]
[SourceQuality "1"]

1. e4 e5 2. Qf3 Nf6 3. Bc4 d6 4. g4 Bxg4 5. Qg3 Nc6 6. d3 Nd4 7. Kd2 b5 8. f3 bxc4 9. fxg4 cxd3 10. cxd3 Qd7 11. Nf3 Qc6 12. Nxd4 exd4 13. g5 Nd7 14. Ke1 Qxc1+ 15. Kf2 Qxh1 16. Qg1 Qxg1+ 17. Kxg1 Nc5 18. Na3 Be7 19. Nb5 O-O 20. Nxc7 Rab8 21. h4 f6 22. gxf6 Rxf6 23. Nd5 Rg6+ 24. Kf1 Rf8+ 25. Ke2 Bxh4 26. Rf1 Rg2+ 27. Rf2 Rfxf2+ 28. Kd1 Rg1# 0-1

[Event "CYCC U12 w"]
[Site "Vancouver CAN"]
[Date "2012.07.04"]
[Round "4"]
[White "Saremi, Yekta"]
[Black "Tapp, Ashley"]
[Result "1/2-1/2"]
[WhiteElo "1334"]
[BlackElo "1324"]
[PlyCount "71"]
[GameId "2160767909508825"]
[EventDate "2012.07.03"]
[EventType "swiss"]
[EventRounds "7"]
[EventCountry "CAN"]
[SourceTitle "EXT 2022"]
[Source "ChessBase"]
[SourceDate "2021.10.06"]
[SourceVersion "1"]
[SourceVersionDate "2021.10.06"]
[SourceQuality "1"]

1. e4 e6 2. d4 d5 3. e5 c5 4. c3 Nc6 5. Nf3 Qb6 6. Bd3 Bd7 7. O-O cxd4 8. cxd4 Nxd4 9. Nxd4 Qxd4 10. Nc3 Qxe5 11. Re1 Qd6 12. Qf3 Bc6 13. Bf4 d4 14. Bb5 Qd7 15. Bxc6 Qxc6 16. Ne4 f5 17. Ng5 Qxf3 18. gxf3 Nf6 19. Nxe6 Bb4 20. Red1 Kf7 21. Nxd4 Rad8 22. Nxf5 h6 23. Bd6 Ba5 24. Ba3 Bc7 25. Re1 Rhe8 26. Rad1 Rxd1 27. Rxd1 a6 28. Rc1 Bb8 29. Bd6 Kg6 30. Ne7+ Kf7 31. Bxb8 Rxb8 32. Rc7 Kf8 33. Nf5 Ne8 34. Rd7 b6 35. Nd6 Nxd6 36. Rxd6 1/2-1/2

[Event "CYCC U12 w"]
[Site "Vancouver CAN"]
[Date "2012.07.04"]
[Round "4"]
[White "Zhou, Qiyu"]
[Black "De, Mila"]
[Result "1-0"]
[WhiteElo "1953"]
[BlackElo "985"]
[PlyCount "81"]
[GameId "2160767909508826"]
[EventDate "2012.07.03"]
[EventType "swiss"]
[EventRounds "7"]
[EventCountry "CAN"]
[SourceTitle "EXT 2022"]
[Source "ChessBase"]
[SourceDate "2021.10.06"]
[SourceVersion "1"]
[SourceVersionDate "2021.10.06"]
[SourceQuality "1"]

1. e4 e5 2. Nf3 Nc6 3. Bb5 Nf6 4. O-O Bc5 5. Re1 O-O 6. c3 d6 7. d4 Bb6 8. h3 Bd7 9. Bg5 a6 10. Ba4 Qe7 11. d5 h6 12. Bxf6 Qxf6 13. dxc6 bxc6 14. Qe2 Rfd8 15. Nbd2 d5 16. exd5 cxd5 17. Bxd7 Rxd7 18. Qxe5 Qxe5 19. Nxe5 Re7 20. Nc6 Rxe1+ 21. Rxe1 a5 22. Re5 Ra6 23. Ne7+ Kf8 24. Nxd5 c6 25. Nxb6 Rxb6 26. Nc4 Rb5 27. Rxb5 cxb5 28. Nxa5 Ke7 29. c4 bxc4 30. Nxc4 g5 31. a4 Kd7 32. Kf1 Kc6 33. b4 f6 34. b5+ Kc5 35. b6 Kxc4 36. b7 Kb4 37. b8=Q+ Kxa4 38. Ke2 h5 39. Kd3 g4 40. Kc4 Ka5 41. Qb5# 1-0

[Event "CYCC U12 w"]
[Site "Vancouver CAN"]
[Date "2012.07.04"]
[Round "5"]
[White "De, Mila"]
[Black "Saul, Jaime"]
[Result "1-0"]
[WhiteElo "985"]
[BlackElo "638"]
[PlyCount "123"]
[GameId "2160767909508827"]
[EventDate "2012.07.03"]
[EventType "swiss"]
[EventRounds "7"]
[EventCountry "CAN"]
[SourceTitle "EXT 2022"]
[Source "ChessBase"]
[SourceDate "2021.10.06"]
[SourceVersion "1"]
[SourceVersionDate "2021.10.06"]
[SourceQuality "1"]

1. e4 e5 2. Nf3 f6 3. Nc3 c6 4. d3 b5 5. Be3 a6 6. g3 a5 7. Bg2 a4 8. b3 Na6 9. O-O Nc7 10. bxa4 bxa4 11. Rb1 d5 12. d4 Ba6 13. Re1 Bc8 14. dxe5 dxe4 15. Qxd8+ Kxd8 16. Nxe4 Bb4 17. Rxb4 fxe5 18. Nxe5 Nd5 19. Rd1 Ke8 20. Rbd4 Ngf6 21. Nd6+ Kf8 22. Nxc8 Rxc8 23. c4 Ne7 24. Bg5 Ng6 25. Bxf6 gxf6 26. Nxg6+ hxg6 27. Rd8+ Kg7 28. Rxh8 Rxh8 29. Bxc6 Rc8 30. Rd6 Rb8 31. Bxa4 Rb1+ 32. Kg2 Ra1 33. Bb3 Re1 34. Rd7+ Kh6 35. a4 Rb1 36. Rb7 f5 37. h4 g5 38. hxg5+ Kxg5 39. Kf3 Rd1 40. Rb5 Rd3+ 41. Ke2 Rd4 42. Ke3 Rg4 43. f4+ Kh5 44. Rxf5+ Kh6 45. Kf3 Rg6 46. c5 Kh7 47. Bf7 Ra6 48. g4 Rxa4 49. g5 Ra3+ 50. Kg4 Kg7 51. Kh5 Ra7 52. c6 Rxf7 53. Rxf7+ Kxf7 54. g6+ Kf8 55. f5 Ke7 56. g7 Kf7 57. c7 Kxg7 58. c8=Q Kf7 59. Qc6 Kf8 60. Qc7 Kg8 61. Kg6 Kf8 62. Qf7# 1-0

[Event "CYCC U12 w"]
[Site "Vancouver CAN"]
[Date "2012.07.04"]
[Round "5"]
[White "Tapp, Ashley"]
[Black "Boucher, Katrine"]
[Result "1-0"]
[WhiteElo "1324"]
[BlackElo "869"]
[PlyCount "31"]
[GameId "2160767909508828"]
[EventDate "2012.07.03"]
[EventType "swiss"]
[EventRounds "7"]
[EventCountry "CAN"]
[SourceTitle "EXT 2022"]
[Source "ChessBase"]
[SourceDate "2021.10.06"]
[SourceVersion "1"]
[SourceVersionDate "2021.10.06"]
[SourceQuality "1"]

1. d4 d5 2. c4 Nf6 3. cxd5 Nxd5 4. e4 Nf6 5. Nc3 Nc6 6. Nf3 e6 7. Bb5 Bb4 8. O-O a6 9. Bxc6+ bxc6 10. Bg5 O-O 11. e5 Bb7 12. exf6 gxf6 13. Bh6 Re8 14. Nh4 Bxc3 15. Qg4+ Kh8 16. Qg7# 1-0

[Event "CYCC U12 w"]
[Site "Vancouver CAN"]
[Date "2012.07.04"]
[Round "5"]
[White "Thanabalachandran, Luxiga"]
[Black "MacIvor, Kieme"]
[Result "1-0"]
[WhiteElo "848"]
[BlackElo "967"]
[PlyCount "47"]
[GameId "2160767909508829"]
[EventDate "2012.07.03"]
[EventType "swiss"]
[EventRounds "7"]
[EventCountry "CAN"]
[SourceTitle "EXT 2022"]
[Source "ChessBase"]
[SourceDate "2021.10.06"]
[SourceVersion "1"]
[SourceVersionDate "2021.10.06"]
[SourceQuality "1"]

1. e4 e5 2. Nf3 Qe7 3. Nc3 d6 4. Bc4 Be6 5. Bxe6 fxe6 6. O-O Nc6 7. d3 O-O-O 8. Bg5 Qf7 9. Bxd8 Nxd8 10. d4 exd4 11. Qxd4 Qg6 12. Qc4 Nf6 13. Nb5 c6 14. Nxa7+ Kb8 15. e5 Nh5 16. Qa4 b5 17. Qa5 Nf4 18. g3 Ne2+ 19. Kg2 Nf4+ 20. Kh1 Be7 21. gxf4 Qg4 22. Qb6+ Nb7 23. Nxc6+ Ka8 24. Qa7# 1-0

[Event "CYCC U12 w"]
[Site "Vancouver CAN"]
[Date "2012.07.05"]
[Round "5"]
[White "Andrec, Katherine"]
[Black "Saremi, Yekta"]
[Result "0-1"]
[WhiteElo "945"]
[BlackElo "1334"]
[PlyCount "70"]
[GameId "2160767909508830"]
[EventDate "2012.07.03"]
[EventType "swiss"]
[EventRounds "7"]
[EventCountry "CAN"]
[SourceTitle "EXT 2022"]
[Source "ChessBase"]
[SourceDate "2021.10.06"]
[SourceVersion "1"]
[SourceVersionDate "2021.10.06"]
[SourceQuality "1"]

1. e4 e5 2. Nf3 Nc6 3. Bc4 Bc5 4. d3 Nf6 5. Nc3 d6 6. Bg5 Bb4 7. a3 Ba5 8. b4 Bb6 9. Nd5 h6 10. Bh4 g5 11. Bg3 Bg4 12. O-O Nd4 13. Ne3 Bh5 14. c3 Nxf3+ 15. gxf3 Qd7 16. Nf5 Rh7 17. a4 a6 18. b5 a5 19. d4 Nxe4 20. Qd3 Nxc3 21. Nh4 Rh8 22. Qxc3 Bxd4 23. Qc2 gxh4 24. Bxh4 Bxa1 25. Rxa1 Bg6 26. Qe2 Rg8 27. Kh1 Qh3 28. Rg1 Qxh4 29. Qf1 Ke7 30. Bd5 Rab8 31. Rg4 Qf6 32. Rg2 Bh5 33. Rxg8 Rxg8 34. Bxb7 Bxf3+ 35. Bxf3 Qxf3+ 0-1

[Event "CYCC U12 w"]
[Site "Vancouver CAN"]
[Date "2012.07.05"]
[Round "5"]
[White "Eirew, Pepi"]
[Black "Zhou, Qiyu"]
[Result "0-1"]
[WhiteElo "772"]
[BlackElo "1953"]
[PlyCount "94"]
[GameId "2160767909508831"]
[EventDate "2012.07.03"]
[EventType "swiss"]
[EventRounds "7"]
[EventCountry "CAN"]
[SourceTitle "EXT 2022"]
[Source "ChessBase"]
[SourceDate "2021.10.06"]
[SourceVersion "1"]
[SourceVersionDate "2021.10.06"]
[SourceQuality "1"]

1. e4 e5 2. Nf3 Nc6 3. Nc3 Nf6 4. d3 Bb4 5. Bd2 O-O 6. Qe2 d6 7. O-O-O Bxc3 8. Bxc3 b5 9. a3 a5 10. Qe1 Be6 11. Ng5 Qb8 12. d4 exd4 13. Nxe6 fxe6 14. Bxd4 Nxd4 15. Rxd4 c5 16. Rd2 a4 17. h4 b4 18. Bc4 Re8 19. h5 d5 20. e5 Nd7 21. Rxd5 exd5 22. Bxd5+ Kh8 23. Bxa8 bxa3 24. bxa3 Qxa8 25. f4 Qxg2 26. Rg1 Qf3 27. Qd2 Qxa3+ 28. Kd1 Qa1+ 29. Ke2 Qxg1 30. Qxd7 Qg2+ 31. Kd3 Qa8 32. Qf7 a3 33. h6 gxh6 34. e6 Qd5+ 35. Kc3 Qxe6 36. Qxe6 Rxe6 37. Kb3 h5 38. Kxa3 h4 39. Kb3 h3 40. Kc4 h2 41. Kd5 Re8 42. Kxc5 h1=Q 43. f5 Rc8+ 44. Kd6 Qd1+ 45. Ke6 Re8+ 46. Kf6 Qg1 47. c4 Qg7# 0-1

[Event "CYCC U12 w"]
[Site "Vancouver CAN"]
[Date "2012.07.05"]
[Round "6"]
[White "Boucher, Katrine"]
[Black "Eirew, Pepi"]
[Result "0-1"]
[WhiteElo "869"]
[BlackElo "772"]
[PlyCount "98"]
[GameId "2160767909508832"]
[EventDate "2012.07.03"]
[EventType "swiss"]
[EventRounds "7"]
[EventCountry "CAN"]
[SourceTitle "EXT 2022"]
[Source "ChessBase"]
[SourceDate "2021.10.06"]
[SourceVersion "1"]
[SourceVersionDate "2021.10.06"]
[SourceQuality "1"]

1. e4 e5 2. Nf3 Nc6 3. Bc4 Nf6 4. Nc3 Bc5 5. O-O d6 6. d3 Bg4 7. h3 Bxf3 8. Qxf3 Na5 9. Bb5+ c6 10. Ba4 Bd4 11. Ne2 b5 12. Bb3 Nxb3 13. cxb3 O-O 14. Nxd4 exd4 15. b4 c5 16. bxc5 dxc5 17. e5 Nd5 18. b3 a5 19. a4 b4 20. Bd2 f6 21. exf6 Rxf6 22. Qe4 Nc3 23. Qe1 Rg6 24. Qe5 Qf6 25. Qxc5 Re8 26. Bxc3 dxc3 27. Qxa5 Qd4 28. Qb5 Rf8 29. a5 Rgf6 30. Ra2 Rf5 31. Qc4+ Qxc4 32. dxc4 Re5 33. a6 Ree8 34. a7 Ra8 35. c5 g5 36. c6 Rfc8 37. Ra6 Rc7 38. g4 Raxa7 39. Rxa7 Rxa7 40. Re1 Rc7 41. Re4 Rxc6 42. Rxb4 c2 43. Rb8+ Kf7 44. Rb7+ Ke6 45. Rxh7 c1=Q+ 46. Kg2 Rc3 47. b4 Qf4 48. b5 Qe3 49. Kf1 Rc1+ 0-1

[Event "CYCC U12 w"]
[Site "Vancouver CAN"]
[Date "2012.07.05"]
[Round "6"]
[White "De, Mila"]
[Black "Saremi, Yekta"]
[Result "0-1"]
[WhiteElo "985"]
[BlackElo "1334"]
[PlyCount "108"]
[GameId "2160767909508833"]
[EventDate "2012.07.03"]
[EventType "swiss"]
[EventRounds "7"]
[EventCountry "CAN"]
[SourceTitle "EXT 2022"]
[Source "ChessBase"]
[SourceDate "2021.10.06"]
[SourceVersion "1"]
[SourceVersionDate "2021.10.06"]
[SourceQuality "1"]

1. e4 e5 2. Nf3 Nc6 3. d4 exd4 4. Nxd4 Bc5 5. Nxc6 bxc6 6. Bc4 Nf6 7. Nc3 Bb4 8. O-O Bxc3 9. bxc3 O-O 10. e5 Ne4 11. Qd3 Nc5 12. Qg3 g6 13. Bh6 Re8 14. Bg5 Ne4 15. Qe3 Nxg5 16. Qf4 d5 17. Bd3 Ne6 18. Qf6 Qxf6 19. exf6 Nc5 20. Rfe1 Bd7 21. Rxe8+ Rxe8 22. Rb1 Nxd3 23. cxd3 Bf5 24. h3 Bxd3 25. Rb7 a5 26. Rxc7 Bb5 27. Kh2 h5 28. g4 h4 29. g5 Bc4 30. a3 d4 31. cxd4 Rd8 32. Rxc6 Rxd4 33. Rc5 a4 34. Kg2 Be6 35. Ra5 Bb3 36. Kf3 Rd1 37. Kg4 Ra1 38. Kxh4 Rxa3 39. Kg4 Be6+ 40. Kf4 Bxh3 41. Ke5 Be6 42. Ra6 Ra1 43. Kd6 a3 44. Ke7 a2 45. Rxe6 Rd1 46. Rc6 Re1+ 47. Kd7 a1=Q 48. Rc8+ Kh7 49. Rc6 Qa7+ 50. Rc7 Rd1+ 51. Kc6 Rc1+ 52. Kd7 Qxc7+ 53. Ke8 Re1+ 54. Kf8 Qd8+ 0-1

[Event "CYCC U12 w"]
[Site "Vancouver CAN"]
[Date "2012.07.05"]
[Round "6"]
[White "MacIvor, Kieme"]
[Black "Andrec, Katherine"]
[Result "1-0"]
[WhiteElo "967"]
[BlackElo "945"]
[PlyCount "171"]
[GameId "2160767909508834"]
[EventDate "2012.07.03"]
[EventType "swiss"]
[EventRounds "7"]
[EventCountry "CAN"]
[SourceTitle "EXT 2022"]
[Source "ChessBase"]
[SourceDate "2021.10.06"]
[SourceVersion "1"]
[SourceVersionDate "2021.10.06"]
[SourceQuality "1"]

1. e4 e5 2. Qf3 Nf6 3. Bc4 Nc6 4. Bb3 Bb4 5. Qd3 d6 6. Qc4 O-O 7. Qe2 Bg4 8. f3 Bh5 9. c3 Ba5 10. g4 Bg6 11. g5 Nh5 12. Qg2 Nf4 13. Qg3 b5 14. d3 Bb6 15. Bxf4 exf4 16. Qxf4 a5 17. Qg4 Ne5 18. Qg2 a4 19. Bd1 Qe8 20. f4 Nxd3+ 21. Kd2 Nxf4 22. Qg4 Ne6 23. Nh3 Ba5 24. b4 Bb6 25. Na3 Qc6 26. Bf3 Qd7 27. Be2 Qc6 28. Bxb5 Qb7 29. Nc4 Ba7 30. Bd7 Bxe4 31. Rhe1 Bf3 32. Qh4 Qd5+ 33. Kc2 Qf5+ 34. Kb2 Rfd8 35. Bxe6 fxe6 36. Nd2 Bd5 37. Nc4 Bg2 38. Ne3 Bxe3 39. Rxe3 a3+ 40. Kc1 Qf1+ 41. Qe1 Qf5 42. Qf2 Qxf2 43. Nxf2 Rf8 44. Nd3 Rf1+ 45. Re1 Rf3 46. Kc2 Rf5 47. h4 e5 48. Rg1 Be4 49. Rgf1 Raf8 50. Rxf5 Rxf5 51. Re1 Bd5 52. Nc1 Rf2+ 53. Re2 Be4+ 54. Kd1 Bf3 55. Ke1 Bxe2 56. Kxf2 Bh5 57. c4 c6 58. c5 dxc5 59. bxc5 e4 60. Nb3 Be8 61. Ke3 h6 62. gxh6 gxh6 63. Kxe4 h5 64. Ke5 Kf7 65. Kd6 Kf6 66. Na5 Kf7 67. Nxc6 Bxc6 68. Kxc6 Ke8 69. Kd6 Kd8 70. c6 Kc8 71. c7 Kb7 72. Kd7 Kb6 73. c8=Q Ka7 74. Qc7+ Ka8 75. Qa5+ Kb7 76. Qxh5 Kb6 77. Qg5 Ka6 78. Qh5 Ka7 79. Qg5 Kb6 80. h5 Kb7 81. h6 Ka7 82. h7 Kb7 83. h8=Q Kb6 84. Qhh6+ Ka7 85. Qa5+ Kb7 86. Qhb6# 1-0

[Event "CYCC U12 w"]
[Site "Vancouver CAN"]
[Date "2012.07.05"]
[Round "6"]
[White "Thanabalachandran, Luxiga"]
[Black "Tapp, Ashley"]
[Result "0-1"]
[WhiteElo "848"]
[BlackElo "1324"]
[PlyCount "124"]
[GameId "2160767909508835"]
[EventDate "2012.07.03"]
[EventType "swiss"]
[EventRounds "7"]
[EventCountry "CAN"]
[SourceTitle "EXT 2022"]
[Source "ChessBase"]
[SourceDate "2021.10.06"]
[SourceVersion "1"]
[SourceVersionDate "2021.10.06"]
[SourceQuality "1"]

1. e4 e6 2. d4 d5 3. e5 c5 4. c3 Nc6 5. Nf3 Qb6 6. Be2 Bd7 7. O-O Nh6 8. b3 Nf5 9. Be3 Be7 10. Qd2 h6 11. Rd1 O-O-O 12. h3 Rdg8 13. c4 cxd4 14. Bxd4 Ncxd4 15. Nxd4 Bc5 16. Nxf5 Bxf2+ 17. Kh1 exf5 18. Qxd5 Be6 19. Qd6 Rd8 20. Qxb6 Rxd1+ 21. Bxd1 Bxb6 22. Na3 Bd4 23. Rb1 Bxe5 24. g4 Rd8 25. gxf5 Bxf5 26. Bg4 Bxg4 27. hxg4 Rd2 28. Re1 f6 29. Nb5 Rxa2 30. c5 Ra5 31. Nd6+ Bxd6 32. cxd6 Re5 33. Rc1+ Kd8 34. Rc7 Rb5 35. Rxg7 Rxb3 36. Rg6 Rf3 37. Rxh6 a5 38. Rh7 Rb3 39. Rf7 a4 40. Rxf6 a3 41. Rf2 Rb2 42. Rf1 a2 43. g5 Rb1 44. Rxb1 axb1=Q+ 45. Kg2 Qf5 46. Kg3 Qxg5+ 47. Kf3 Qf6+ 48. Ke4 Qxd6 49. Kf5 Ke7 50. Ke4 Qc5 51. Kf4 Qd5 52. Ke3 Qc4 53. Kf3 Qd4 54. Ke2 Qc3 55. Kf2 Qd3 56. Kg2 Qe3 57. Kh1 Qe2 58. Kg1 Kf6 59. Kh1 Kg5 60. Kg1 Kg4 61. Kh1 Kg3 62. Kg1 Qg2# 0-1

[Event "CYCC U12 w"]
[Site "Vancouver CAN"]
[Date "2012.07.05"]
[Round "6"]
[White "Zhou, Qiyu"]
[Black "Saul, Jaime"]
[Result "1-0"]
[WhiteElo "1953"]
[BlackElo "638"]
[PlyCount "36"]
[GameId "2160767909508836"]
[EventDate "2012.07.03"]
[EventType "swiss"]
[EventRounds "7"]
[EventCountry "CAN"]
[SourceTitle "EXT 2022"]
[Source "ChessBase"]
[SourceDate "2021.10.06"]
[SourceVersion "1"]
[SourceVersionDate "2021.10.06"]
[SourceQuality "1"]

1. e4 e5 2. Nf3 d6 3. d4 Nc6 4. Bb5 Bd7 5. O-O Nf6 6. Nc3 a6 7. Bxc6 bxc6 8. dxe5 dxe5 9. Nxe5 Bg4 10. Nxg4 h5 11. Qxd8+ Kxd8 12. Nxf6 gxf6 13. Be3 Bh6 14. Rad1+ Ke7 15. Bc5+ Ke6 16. f4 Bxf4 17. Rxf4 Rh6 18. Ne2 Rb8 1-0

[Event "CYCC U12 w"]
[Site "Vancouver CAN"]
[Date "2012.07.05"]
[Round "7"]
[White "Saremi, Yekta"]
[Black "Boucher, Katrine"]
[Result "1-0"]
[WhiteElo "1334"]
[BlackElo "869"]
[PlyCount "65"]
[GameId "2160767909508837"]
[EventDate "2012.07.03"]
[EventType "swiss"]
[EventRounds "7"]
[EventCountry "CAN"]
[SourceTitle "EXT 2022"]
[Source "ChessBase"]
[SourceDate "2021.10.06"]
[SourceVersion "1"]
[SourceVersionDate "2021.10.06"]
[SourceQuality "1"]

1. e4 Nf6 2. Nc3 d6 3. d4 e5 4. dxe5 dxe5 5. Qxd8+ Kxd8 6. Bg5 Be7 7. O-O-O+ Ke8 8. Nf3 h6 9. Bxf6 Bxf6 10. Nd5 Kd8 11. Nxf6+ Ke7 12. Nd5+ Kf8 13. Nxc7 Bg4 14. Nxa8 Nc6 15. h3 Be6 16. Nc7 Bxa2 17. b3 Nb4 18. Rd8+ Ke7 19. Rxh8 Kd7 20. Nd5 Nc6 21. Kb2 Bxb3 22. Kxb3 Na5+ 23. Ka4 Nc6 24. Bb5 g5 25. Nb4 a6 26. Bxa6 bxa6 27. Rd1+ Kc7 28. Nxc6 Kxc6 29. Rhd8 Kb7 30. R1d6 f6 31. Rxf6 h5 32. Rd7+ Kb8 33. Rf8# 1-0

[Event "CYCC U12 w"]
[Site "Vancouver CAN"]
[Date "2012.07.05"]
[Round "7"]
[White "Saul, Jaime"]
[Black "Eirew, Pepi"]
[Result "0-1"]
[WhiteElo "638"]
[BlackElo "772"]
[PlyCount "57"]
[GameId "2160767909508838"]
[EventDate "2012.07.03"]
[EventType "swiss"]
[EventRounds "7"]
[EventCountry "CAN"]
[SourceTitle "EXT 2022"]
[Source "ChessBase"]
[SourceDate "2021.10.06"]
[SourceVersion "1"]
[SourceVersionDate "2021.10.06"]
[SourceQuality "1"]

1. Nc3 e5 2. e3 Nc6 3. d4 exd4 4. exd4 Bb4 5. h3 Qe7+ 6. Be2 Bxc3+ 7. bxc3 b6 8. h4 Ba6 9. Bg5 f6 10. Bc1 Bxe2 11. Nxe2 Nh6 12. O-O O-O-O 13. Nf4 Qd6 14. g3 g5 15. hxg5 fxg5 16. Nh3 g4 17. Nf4 a5 18. d5 Ne7 19. c4 c6 20. Rb1 Ng6 21. Ne2 Ne5 22. Rxb6 Nf3+ 23. Kg2 Kc7 24. Ra6 Ra8 25. Rxa8 Qf6 26. Ra7+ Kd8 27. Ra6 Nf7 28. Bd2 Ke7 29. Bxa5 0-1

[Event "CYCC U12 w"]
[Site "Vancouver CAN"]
[Date "2012.07.05"]
[Round "7"]
[White "Tapp, Ashley"]
[Black "MacIvor, Kieme"]
[Result "1-0"]
[WhiteElo "1324"]
[BlackElo "967"]
[PlyCount "77"]
[GameId "2160767909508839"]
[EventDate "2012.07.03"]
[EventType "swiss"]
[EventRounds "7"]
[EventCountry "CAN"]
[SourceTitle "EXT 2022"]
[Source "ChessBase"]
[SourceDate "2021.10.06"]
[SourceVersion "1"]
[SourceVersionDate "2021.10.06"]
[SourceQuality "1"]

1. d4 Nf6 2. c4 e6 3. Nc3 d5 4. cxd5 exd5 5. Bg5 Bb4 6. e3 Bg4 7. Bxf6 Qxf6 8. Qxg4 Qe6 9. Qxg7 Rf8 10. Bd3 Kd8 11. Nf3 h6 12. O-O Bd6 13. Nb5 f6 14. Nxd6 cxd6 15. Qxf8+ Qe8 16. Qxd6+ Nd7 17. Qxd5 Qe7 18. Qxb7 Rb8 19. Qxa7 Rxb2 20. Rac1 Qf7 21. Qc7+ Ke7 22. Bc4 Qe8 23. Rb1 Rxb1 24. Rxb1 Qd8 25. Qxd8+ Kxd8 26. a4 Kc7 27. a5 Nb8 28. a6 Nxa6 29. Bxa6 Kd6 30. Rb6+ Kc7 31. Rxf6 h5 32. d5 Kd7 33. e4 Ke7 34. e5 Kd7 35. e6+ Kd6 36. Kf1 Kxd5 37. e7 Ke4 38. e8=Q+ Kd5 39. Qe5# 1-0

[Event "CYCC U12 w"]
[Site "Vancouver CAN"]
[Date "2012.07.06"]
[Round "7"]
[White "Andrec, Katherine"]
[Black "Zhou, Qiyu"]
[Result "0-1"]
[WhiteElo "945"]
[BlackElo "1953"]
[PlyCount "96"]
[GameId "2160767909508840"]
[EventDate "2012.07.03"]
[EventType "swiss"]
[EventRounds "7"]
[EventCountry "CAN"]
[SourceTitle "hb 2012"]

1. e4 e5 2. Nf3 Nc6 3. Nc3 Nf6 4. Bc4 Bc5 5. d3 d6 6. Bg5 Be6 7. Nd5 Bxd5 8. exd5 Na5 9. Bb5+ c6 10. dxc6 bxc6 11. Ba4 Qb6 12. O-O Nd7 13. Bh4 O-O 14. Nd2 Qxb2 15. Rb1 Qd4 16. Bb3 Qxh4 17. Qf3 Qf6 18. Ne4 Qxf3 19. gxf3 d5 20. Nxc5 Nxc5 21. Rbe1 Naxb3 22. cxb3 Nxd3 23. Re3 Nf4 24. Rxe5 Rfe8 25. Rf5 Ne2+ 26. Kh1 g6 27. Rg5 f6 28. Rg2 Nd4 29. Rd1 Nxf3 30. Rf1 Re2 31. Rg3 Nd2 32. Rd1 Rxf2 33. Kg1 Ne4 34. Rgd3 Rxa2 35. Rf1 Kf7 36. Rdf3 Ke6 37. Re1 f5 38. Rd3 a5 39. Kh1 Kd6 40. Rg1 Nf2+ 41. Kg2 Nxd3+ 42. Kh1 Re8 43. h4 Ree2 44. Rd1 Nf2+ 45. Kg1 Nxd1 46. Kf1 Rh2 47. Kg1 Ne3 48. h5 Rag2# 0-1

[Event "CYCC U12 w"]
[Site "Vancouver CAN"]
[Date "2012.07.06"]
[Round "7"]
[White "Thanabalachandran, Luxiga"]
[Black "De, Mila"]
[Result "1-0"]
[WhiteElo "848"]
[BlackElo "985"]
[PlyCount "56"]
[GameId "2160767909508841"]
[EventDate "2012.07.03"]
[EventType "swiss"]
[EventRounds "7"]
[EventCountry "CAN"]
[SourceTitle "hb 2012"]

1. e4 e5 2. Nf3 Nc6 3. Bb5 Nf6 4. d3 d6 5. O-O Bg4 6. Bg5 Be7 7. Nbd2 O-O 8. Re1 h6 9. Bh4 Nd7 10. Bxe7 Qxe7 11. h3 Bxf3 12. Qxf3 Nb4 13. Ba4 Nc5 14. Qd1 Nxa4 15. c3 Nxb2 16. Qb3 N4xd3 17. Re3 Nc5 18. Qxb2 b6 19. Nf1 Qf6 20. Nh2 Rfe8 21. Rd1 Nb7 22. Qa3 a5 23. Rg3 g5 24. h4 Nc5 25. hxg5 hxg5 26. Re1 d5 27. exd5 Qf5 28. c4 e4 1-0

[Event "CYCC U14"]
[Site "Vancouver CAN"]
[Date "2012.07.03"]
[Round "1"]
[White "Boucher, Maxime"]
[Black "Herdin, Matthew"]
[Result "0-1"]
[WhiteElo "1166"]
[BlackElo "1923"]
[PlyCount "66"]
[GameId "2160767909508842"]
[EventDate "2012.07.03"]
[EventType "swiss"]
[EventRounds "7"]
[EventCountry "CAN"]
[SourceTitle "EXT 2022"]
[Source "ChessBase"]
[SourceDate "2021.10.06"]
[SourceVersion "1"]
[SourceVersionDate "2021.10.06"]
[SourceQuality "1"]

1. e4 d6 2. Nf3 Nf6 3. g3 Nxe4 4. Nc3 Nxc3 5. bxc3 g6 6. d4 Bg7 7. Bg2 O-O 8. O-O Nd7 9. Bf4 c5 10. d5 Bxc3 11. Rb1 Bg7 12. Re1 Nf6 13. Bg5 b6 14. Bxf6 Bxf6 15. a4 Bd7 16. c4 Qe8 17. Qd2 Bf5 18. Rbd1 Qxa4 19. Ng5 Qxc4 20. Ne4 Bxe4 21. Rxe4 Qc3 22. Qxc3 Bxc3 23. Rxe7 a5 24. Rd7 Rfd8 25. Bh3 a4 26. Rd3 Bb2 27. Re3 Rxd7 28. Bxd7 a3 29. Bc6 a2 30. Bxa8 a1=Q+ 31. Kg2 Qxa8 32. Re2 Qxd5+ 33. Kg1 Qd1+ 0-1

[Event "CYCC U14"]
[Site "Vancouver CAN"]
[Date "2012.07.03"]
[Round "1"]
[White "Cui, Karl"]
[Black "Doknjas, John"]
[Result "0-1"]
[WhiteElo "1307"]
[BlackElo "1990"]
[PlyCount "96"]
[GameId "2160767909508843"]
[EventDate "2012.07.03"]
[EventType "swiss"]
[EventRounds "7"]
[EventCountry "CAN"]
[SourceTitle "hb 2012"]

1. d4 Nf6 2. c4 c5 3. d5 e6 4. Nc3 exd5 5. cxd5 d6 6. e4 g6 7. Nf3 Bg7 8. Bd3 O-O 9. O-O Bg4 10. h3 Bxf3 11. Qxf3 a6 12. Bf4 b5 13. Rfe1 Nh5 14. Bh2 Be5 15. Qe3 Nd7 16. Be2 Bxh2+ 17. Kxh2 Nhf6 18. f4 Re8 19. Bf3 b4 20. Nd1 Nxe4 21. Qd3 Nef6 22. Rxe8+ Qxe8 23. Ne3 Nb6 24. g4 Qb5 25. Qd2 Re8 26. Re1 Nc4 27. Nxc4 Rxe1 28. Be2 Rxe2+ 29. Qxe2 Nxd5 30. Qe4 Nf6 31. Qa8+ Qe8 32. Nb6 Qxa8 33. Nxa8 Nd5 34. Kg3 Kf8 35. f5 Ke7 36. Kf3 Kd7 37. Ke4 Kc6 38. fxg6 fxg6 39. g5 Nc3+ 40. bxc3 bxc3 41. Kd3 Kb7 42. Kxc3 d5 43. Kd3 Kxa8 44. Ke3 Kb7 45. Kf4 c4 46. h4 c3 47. Ke3 d4+ 48. Kd3 Kc6 0-1